Les Grecs devant la menace perse (notice n° 1568455)
[ vue normale ]
| 000 -LEADER | |
|---|---|
| fixed length control field | 00930cam a2200133 4500500 |
| 005 - DATE AND TIME OF LATEST TRANSACTION | |
| control field | 20251214004336.0 |
| 041 ## - LANGUAGE CODE | |
| Language code of text/sound track or separate title | fre |
| 042 ## - AUTHENTICATION CODE | |
| Authentication code | dc |
| 100 10 - MAIN ENTRY--PERSONAL NAME | |
| Personal name | Picard, Olivier |
| Relator term | author |
| 245 00 - TITLE STATEMENT | |
| Title | Les Grecs devant la menace perse |
| 260 ## - PUBLICATION, DISTRIBUTION, ETC. | |
| Name of publisher, distributor, etc. | Armand Colin,<br/> |
| Date of publication, distribution, etc. | 2014.<br/> |
| 520 ## - SUMMARY, ETC. | |
| Summary, etc. | Étude d’une question majeure de l’histoire de la Grèce antique ; la réaction face à la montée en puissance d’un empire à prétention universelle, celui des Perses. Trois moments sont analysés : la panique des Grecs lors de la conquête des cités d’Asie mineure. Au Ve siècle, la réaction d’Athènes qui organise le monde grec sous son autorité. Au IVe siècle, l’équilibre complexe qui résulte de l’interpénétration des deux mondes, l’or perse s’échangeant contre les mercenaires grecs. |
| 856 41 - ELECTRONIC LOCATION AND ACCESS | |
| Uniform Resource Identifier | <a href="https://shs.cairn.info/les-grecs-devant-la-menace-perse--9782718192321?lang=fr&redirect-ssocas=7080">https://shs.cairn.info/les-grecs-devant-la-menace-perse--9782718192321?lang=fr&redirect-ssocas=7080</a> |
Pas d'exemplaire disponible.




Réseaux sociaux